| 000 | nam a22 7a 4500 | ||
|---|---|---|---|
| 999 |
_c373009 _d373009 |
||
| 003 | BLK | ||
| 005 | 20200903135816.0 | ||
| 008 | 200703b bu ||||| |||| 00| 0 bu d | ||
| 020 | _a9786190105954 | ||
| 040 | _aBLK | ||
| 041 |
_aBUL _cBUL |
||
| 080 |
_aБългарска литература _b821.163.2 _x-32 _z821.163.2-32 |
||
| 100 |
_9302750 _aКисьова, Мая _eпърви автор |
||
| 139 |
_aКисьова, Мая Димитрова _bК 60 |
||
| 245 |
_aТеатър от пясък _bТеатрален дизайн в хайбун _cМая Кисьова ; предг. Юрий Дачев. |
||
| 257 | _aBGR | ||
| 260 |
_9210881 _aСофия _bИзток-Запад _c2020 |
||
| 300 |
_a64 с. _bс ил. _c17 см |
||
| 380 | _aX | ||
| 700 |
_9401063 _aДачев, Юрий Ангелов _eпредг. |
||
| 852 |
_aЦб І 39105 _bЦб |
||
| 942 |
_cKNG _n0 _s1 |
||
| 944 |
_aCR _c2020-07-03 _kК. Г. |
||
| 999 | _d373009 | ||